The painting of modern life. Paris in the art of Manet and his followers

Salvato in:
Dettagli Bibliografici
Autore principale: Clark, Timothy J.
Natura: Sconosciuto
Lingua:inglese
Pubblicazione: Princeton, USA. Princeton University Press, 1999
Edizione:Revised edition
Soggetti:
Tags: Aggiungi Tag
Nessun Tag, puoi essere il primo ad aggiungerne!!

MARC

LEADER 00000 a2200000 4500
003 CL-VaPUC
005 20220804165115.0
008 210422b ||||| |||| 00| 0 eng d
999 |c 432817  |d 432815 
020 |a 9780691009032 
040 |c Pontificia Universidad Católica de Valparaíso 
082 |a 758.9944361 CLA 1999 
100 1 |a Clark, Timothy J.   |9 860633 
245 |a The painting of modern life.  |b Paris in the art of Manet and his followers 
250 |a Revised edition  
260 |a Princeton, USA.  |b Princeton University Press,  |c 1999 
300 |a 338 páginas  
583 |k Cristina Rojas  |c 20210422 
600 0 |a Manet, Édouard,  |d 1832-1883  |x Influencia   |9 266094 
650 0 |a Impresionismo (Arte)  |9 266135  |z Francia   |z París 
650 0 |a Pintura francesa  |y Siglo 19  |9 266122 
942 |2 ddc  |c BK 
952 |0 0  |1 0  |2 ddc  |4 0  |6 758_994436100000000_CLA_1999  |7 0  |8 R  |9 577879  |a BIBART  |b BIBART  |d 2021-05-25  |e 1  |g 47837.00  |i 5583187  |l 1  |o 758.9944361 CLA 1999  |p 5583187  |r 2025-03-13  |s 2024-04-01  |t 1  |v 47837.00  |w 2021-05-25  |y BK_R  |k ART